Austrian Bundesliga Champions - Statistics

General Stats
  • This quiz has been taken 75 times
  • The average score is 37 of 51
Answer Stats
Hint Champion % Correct
2007 Rapid Wien
95%
2004 Rapid Wien
95%
1995 Rapid Wien
95%
1987 Rapid Wien
95%
1986 Rapid Wien
95%
1982 Rapid Wien
95%
1981 Rapid Wien
95%
2024 Sturm Graz
95%
2010 Sturm Graz
95%
1998 Sturm Graz
95%
1997 Sturm Graz
95%
2012 Austria Wien
92%
2005 Austria Wien
92%
2002 Austria Wien
92%
1992 Austria Wien
92%
1991 Austria Wien
92%
1990 Austria Wien
92%
1985 Austria Wien
92%
1984 Austria Wien
92%
1983 Austria Wien
92%
1980 Austria Wien
92%
1979 Austria Wien
92%
1978 Austria Wien
92%
1977 Austria Wien
92%
2023 Red Bull Salzburg
91%
2022 Red Bull Salzburg
91%
2021 Red Bull Salzburg
91%
2020 Red Bull Salzburg
91%
2019 Red Bull Salzburg
91%
2018 Red Bull Salzburg
91%
2017 Red Bull Salzburg
91%
2016 Red Bull Salzburg
91%
2015 Red Bull Salzburg
91%
2014 Red Bull Salzburg
91%
2013 Red Bull Salzburg
91%
2011 Red Bull Salzburg
91%
2009 Red Bull Salzburg
91%
2008 Red Bull Salzburg
91%
2006 Red Bull Salzburg
91%
2003 GAK / Grazer Athletik Club
29%
1996 Casino Salzburg
9%
1994 Casino Salzburg
9%
1993 Casino Salzburg
9%
1989 Swarovski Tirol
8%
1988 Swarovski Tirol
8%
2001 Tirol Innsbruck
8%
2000 Tirol Innsbruck
8%
1999 Tirol Innsbruck
8%
1976 Wacker Tirol
5%
1974 Wacker Tirol
5%
1975 Austria W.A.C
2%
No matching quizzes found
Score Distribution
Percent of People with Each Score
Percentile by Number Answered
Your Score History
You have not taken this quiz